| 000 | 00711nam a2200217 a 4500 | ||
|---|---|---|---|
| 005 | 20240925064948.0 | ||
| 008 | 040504s1995 mx r 000 0 spa d | ||
| 020 | _a9688425664 | ||
| 035 | _aUPN01000133289 | ||
| 049 | _aCG | ||
| 050 | 4 |
_aBD181.5 _bP3.3 |
|
| 100 | 1 | _aPaula León Olea, Francisco de | |
| 245 | 1 | 3 |
_aEl despertar humano : _bhacia una teoría unificada del hombre del Siglo XXI / _cFrancisco de Paula León Olea. |
| 260 |
_aMéxico : _bM. A. Porrúa, _c1995. |
||
| 300 |
_a189 p. : _bil. |
||
| 650 | 4 |
_aTeoría del conocimiento _91707 |
|
| 650 | 4 |
_aCEREBRO - _xLOCALIZACION DE FUNCIONES _97880 |
|
| 650 | 4 |
_aRazonamiento _93600 |
|
| 650 | 4 |
_aPsicología del aprendizaje _95221 |
|
| 905 | _aLibro | ||
| 999 |
_c105441 _d105441 |
||